Top 50 WWE wrestlers of all-time. - Statistics

General Stats
  • This quiz has been taken 326 times
    314 since last reset
  • The average score is 17 of 50
Answer Stats
Hint Answer % Correct
1 John Cena
92%
6 The Rock
90%
5 The undertaker
90%
10 Hulk Hogan
86%
2 Stone Cold Steve Austin
86%
7 Shawn Michaels
84%
4 Triple h
84%
8 Randy Orton
81%
50 Roman Reigns
80%
38 Kane
77%
3 Ric Flair
72%
35 Edge
68%
13 Bret Hart
65%
21 Batista
63%
49 Brock Lesnar
59%
46 Big Show
58%
12 Andre the Giant
56%
11 The Ultimate Warrior
50%
34 Eddie Guerrero
46%
23 Bruno Sammartino
32%
39 Chris Benoit
29%
41 Booker T
28%
47 Rob Van Dam
28%
44 Yokozuna
25%
42 JBL
23%
43 Sting
20%
24 Bob Backlund
14%
30 Mick Foley
14%
28 Mr. Perfect
14%
31 Lita
13%
18 Buddy Rogers
11%
40 Sgt. Slaughter
11%
25 Rick Rude
10%
37 The Iron Sheik
10%
33 Kevin Nash
9%
22 Dusty Rhodes
8%
32 Scott Hall
6%
14 Trish Stratus
5%
29 Ricky Steamboat
4%
48 Beth Phoenix
2%
16 Harley Race
2%
27 Jake The snake Roberts
2%
15 Rowdy Roddy Piper
2%
26 Terry Funk
1%
9 The Junkyard Dog
1%
20 Arn Anderson
0%
36 Jerry the king Lawler
0%
45 Jimmy"Superfly"Snuka
0%
17 Lou Thesz
0%
19 Mach Man Randy Savage
0%
No matching quizzes found
Score Distribution
Percent of People with Each Score
Percentile by Number Answered
Your Score History
You have not taken this quiz since the last reset